000 00358nam a2200133 i 4500
001 bg
100 1 _aMICHAJŁOW, V. V.
245 0 _aNiezawodność zasilania zakładów przemysłowych energią elektryczną /
_cV.V. Michajłow.
260 _aWarszawa,
_c1976.
040 _cBPK
041 _apol
942 _cKS
008 s pl f |000 0 pol
999 _c16833
_d16833
856 _uhttp://koha.tu.koszalin.pl/cgi-bin/koha/opac-detail.pl?biblionumber=16833
_yKatalog online BPK